Harm and offence in media content (Record no. 579)
[ view plain ]
| 000 -LEADER | |
|---|---|
| fixed length control field | 01305nam a2200313Ia 4500 |
| 100 1# - MAIN ENTRY--AUTHOR NAME | |
| Personal name | Hargrave, Andrea Millwood. |
| 245 10 - TITLE STATEMENT | |
| Title | Harm and offence in media content |
| 250 ## - EDITION STATEMENT | |
| Edition statement | Rev. and updated 2nd ed. |
| 260 ## - PUBLICATION, DISTRIBUTION, ETC. (IMPRINT) | |
| Place of publication | Bristol, UK ; |
| -- | Chicago, USA : |
| Name of publisher | Intellect, |
| Year of publication | 2009. |
| 300 ## - PHYSICAL DESCRIPTION | |
| Number of Pages | 344 p. : |
| Other physical details | ill. |
| 650 #0 - SUBJECT ADDED ENTRY--TOPICAL TERM | |
| Topical Term | Mass media |
| Topical Term | Mass media and children. |
| 700 1# - ADDED ENTRY--PERSONAL NAME | |
| Personal name | Livingstone, Sonia M. |
| 856 40 - ELECTRONIC LOCATION AND ACCESS | |
| Uniform Resource Identifier | http://site.ebrary.com/lib/rucke/Doc?id=10288762 |
No items available.
